| 000 | 00729nam a22002777a 4500 | ||
|---|---|---|---|
| 005 | 20250812173835.0 | ||
| 008 | 150303b2010 xxu||||| |||| 00| 0 spa d | ||
| 020 | _a9789682481543 | ||
| 041 | _aESP | ||
| 082 | _a362.8292 C957v | ||
| 100 |
_aCruz Gil, Ricardo de la _928789 |
||
| 245 | _aViolencia intrafamiliar: enfoque sistémico | ||
| 260 | _aMéxico | ||
| 260 | _bTrillas | ||
| 260 | _c2008 | ||
| 300 | _a184 páginas | ||
| 490 | _aInvestigación Criminal | ||
| 650 | _aVIOLENCIA DOMÉSTICA | ||
| 650 | _aFAMILIA | ||
| 650 | _aFAMILIAS VIOLENTAS | ||
| 650 | _aPAREJA VIOLENTA | ||
| 650 | _aMALTRATO INFANTIL | ||
| 650 | _aCONFLICTO DE FAMILIA | ||
| 650 | _aINTERVENCIÓN TERAPEUTICA | ||
| 942 |
_cBK _2ddc |
||
| 999 |
_c3601 _d3601 |
||